| 000 | 01348nam a2200277 i 4500 | ||
|---|---|---|---|
| 001 | 76957 | ||
| 003 | ES-MaACL | ||
| 005 | 20250907063049.0 | ||
| 007 | t| | ||
| 008 | 041006s1903 sp f |||| |dspa d | ||
| 080 | _a737.2(460) | ||
| 100 | 1 |
_aVillahermosa, Martín de Aragón y Gurrea, _cDuque de, _d1526-1582 _9169920 |
|
| 245 | 1 | 0 |
_aDiscursos de medallas y antigüedades que compuso Martín de Gurrea y Aragón, duque de Villahermosa, conde de Ribagorza / _csacados ahora a la luz por María del Carmen Aragón Azlor ; con una noticia de la vida y escritos del autor por José Ramón Mélida. |
| 260 |
_a[S.l. : _bs.n., _c1903] ( _eMadrid : _fVda. e Hijos de M. Tello) |
||
| 300 |
_aCLI, 141 p., XVII h. de lám. ; _c31 cm. |
||
| 530 | _aDisponible en formato digital. | ||
| 600 | 1 | 7 |
_aVillahermosa, Martín de Aragón y Gurrea, _cDuque de, _d1526-1582 _2 _9169920 |
| 650 | 4 |
_aMonedas antiguas. _9164754 |
|
| 650 | 7 |
_aEscultura antigua _2embne _9136050 |
|
| 700 | 1 |
_aVillahermosa, María del Carmen Aragón, _cDuquesa de, _d1841-1905 _9159352 |
|
| 700 | 1 |
_aMélida y Alinari, José Ramón, _d1856-1933 _979969 |
|
| 852 |
_aES-MaACL _jG-6942 _cDEPO2 _zRevisado enlace: 23 de julio de 2025 |
||
| 856 | 4 |
_uhttp://bdh-rd.bne.es/viewer.vm?id=0000163043&page=1 _y(Biblioteca Digital Hispánica) |
|
| 942 | _2udc | ||
| 999 |
_c76957 _d76957 |
||